000
00256nam a22001217a 4500
020
_a
0-7214-8189-2
082
_a
823
_b
DIS/L
100
_a
DISNEY, WALT
245
_a
LIJO STITCH
260
_a
UK
_b
LADYBIRD
650
_a
ENGLISH SHORT STORY
_z
UK
942
_c
BK
999
_c
3761
_d
3761